[Event "Baltic Zonal 2017"]
[Site "Liepaja"]
[Date "2017.06.17"]
[Round "3"]
[White "Stremavicius, Titas"]
[Black "Kantans, Toms"]
[Result "0-1"]
[WhiteElo "2448"]
[BlackElo "2490"]
[Annotator "TA"]
[PlyCount "58"]
[EventDate "2017.??.??"]
[EventType "swiss"]
[EventCountry "LAT"]
[SourceTitle "playchess.com"]
[Source "ChessBase"]
[SourceQuality "1"]

{[%evp 18,58,39,28,52,51,47,37,49,-27,57,-31,-23,-45,-20,-62,-64,-187,-194,-194,-190,-200,-189,-188,-185,-183,-130,-139,-132,-318,-316,-401,-389,-355,-350,-498,-327,-666,-685,-612,-526,-1336,-1262]} 1. d4 {[%cal Bd2d4,Bd4d5][%mdl 32]} Nf6 2. c4 g6 3. f3 c5 4. d5 d6 5. e4 Bg7 6. Nc3 O-O 7. Bg5 e6 8. Qd2 exd5 9. cxd5 a6 10. a4 Qe8 {A65: Modern Benoni: 6 e4} (10... Nbd7 11. Nh3 Qa5 12. Nd1 Qxd2+ 13. Bxd2 Ne5 14. Nhf2 Bd7 15. a5 Bb5 16. Ne3 Nh5 17. Rc1 f5 18. exf5 gxf5 {0-1 (76) Fier,A (2569)-Liang,A (2488) Saint Louis 2017}) 11. Be2 $146 ({Predecessor:} 11. Nge2 Nbd7 12. Nd1 Ne5 13. Nec3 Rb8 14. a5 Bd7 15. Be2 Bb5 16. O-O Nc4 17. Qc1 Ne5 18. Qd2 {1-0 (25) Van de Griendt,J (2342)-Schoehuys,E (2151) Hilversum 2016}) 11... b6 12. g4 (12. Qf4 $5 {[%cal Rg5f6]} Qe7 13. Bd1 $14) 12... Nbd7 {White is slightly better.} 13. h4 (13. Bh6 $14) 13... Ne5 (13... h5 $11) 14. h5 ({White should try} 14. Nh3 $14) 14... Nexg4 $15 15. h6 ({Don't play} 15. fxg4 Nxe4 16. Nxe4 Qxe4 $17) 15... Bh8 16. Qf4 Nh5 17. Rxh5 (17. Qxd6 $15 Be5 18. Qc6) 17... Be5 $19 18. Qd2 {[#] Black must now prevent Rh3.} gxh5 {[%cal Bg6h5,Bh5g4][%mdl 32]} 19. fxg4 hxg4 20. Bd3 f5 {Threatens to win with ...f4.} 21. Nge2 Ra7 ({Better is} 21... Qf7 $19 {Hoping for ...fxe4.} 22. exf5 Bxf5) 22. O-O-O $17 {[#]} b5 $1 $36 {[%cal Bb6b5,Bb5b4][%mdl 2592] Black is really pushing.} 23. exf5 $2 (23. axb5 $17 {is a better defense.} axb5 24. Bxb5) 23... b4 $19 ({Inferior is} 23... bxa4 24. Rf1 $11) ({Less strong is} 23... Bxf5 24. Rg1 $17) 24. Ne4 Bxf5 25. N2g3 Bg6 26. b3 (26. Qc2 {keeps fighting.}) 26... Rf3 27. Bh4 $2 (27. Qe2) 27... Raf7 {aiming for ...Bf4.Black is clearly winning.} 28. Qe2 Bf4+ 29. Kc2 c4 {Precision: White = 28%, Black = 63%.} 0-1

[Event "Baltic Zonal 2017"]
[Site "Liepaja"]
[Date "2017.06.17"]
[Round "3"]
[White "Malisauskas, Vidmantas"]
[Black "Klabis, Rokas"]
[Result "1/2-1/2"]
[WhiteElo "2417"]
[BlackElo "2348"]
[Annotator "TA"]
[PlyCount "58"]
[EventDate "2017.??.??"]
[EventType "swiss"]
[EventCountry "LAT"]
[SourceTitle "playchess.com"]
[Source "ChessBase"]
[SourceQuality "1"]

{[%evp 13,58,35,33,5,2,8,14,-29,111,83,82,28,21,36,45,33,69,64,123,120,144,139,146,133,140,100,100,49,67,54,60,32,101,0,0,0,0,0,0,0,0,0,0,0,0,0,0]} 1. d4 Nf6 2. c4 e6 3. Nf3 Bb4+ 4. Nbd2 O-O 5. a3 Be7 6. e4 d5 7. e5 Nfd7 8. b4 {E11: Bogo-Indian} (8. Bd3 c5 9. Qc2 h6 10. O-O Nc6 11. Nb3 cxd4 12. Re1 dxc4 13. Qxc4 Nb6 14. Qc2 f5 15. exf6 Rxf6 {½-½ (67) Vachier Lagrave,M (2758)-Tomashevsky,E (2758) Baku 2015}) 8... a5 9. b5 c5 10. Bb2 f6 (10... cxd4 $11 {remains equal.} 11. cxd5 (11. Bxd4 b6 $11) 11... exd5) 11. Bd3 $16 cxd4 12. Bxd4 (12. exf6 $16 Nxf6 13. O-O (13. Bxd4 Nbd7 $14) (13. Nxd4 e5 $15)) 12... fxe5 $146 ({Predecessor:} 12... Bc5 13. Bxc5 Nxc5 14. Qc2 Nxd3+ 15. Qxd3 fxe5 16. Nxe5 {0-1 (60) Tsatsalashvili,K (2266)-Cori Tello,D (2368) Porto Carras 2010}) 13. Nxe5 Nxe5 14. Bxe5 {[#] And now Qh5 would win.} Bf6 15. Bxf6 Qxf6 (15... Rxf6 $14 16. O-O g6) 16. O-O Nd7 17. cxd5 {[%cal Bc4d5,Bd5d6][%mdl 32]} Ne5 18. Ne4 Qf4 19. d6 b6 20. Ra2 (20. Re1 $16) 20... Bb7 $14 21. Re1 Rad8 22. Bb1 Nf7 (22... Bxe4 $14 23. Bxe4 Rxd6) 23. Rd2 ({White should play} 23. g3 $16 Qh6 24. Rd2) 23... Nxd6 $1 $11 {[%cal Bf7d6,Bd6e4,Be4d2,Bd2f3][%mdl 32] The position is equal.} 24. g3 Nxe4 25. gxf4 Nxd2 26. Qc2 Nf3+ 27. Kf1 Nd2+ $1 28. Kg1 Nf3+ 29. Kf1 Nd2+ $1 {Precision: White = 45%, Black = 47%.} 1/2-1/2

[Event "Baltic Zonal 2017"]
[Site "Liepaja"]
[Date "2017.06.17"]
[Round "3"]
[White "Shishkov, Andrei"]
[Black "Garanin, Aleksei"]
[Result "0-1"]
[WhiteElo "2377"]
[BlackElo "2220"]
[Annotator "TA"]
[PlyCount "96"]
[EventDate "2017.??.??"]
[EventType "swiss"]
[EventCountry "LAT"]
[SourceTitle "playchess.com"]
[Source "ChessBase"]
[SourceQuality "1"]

{[%evp 25,96,20,27,11,19,17,25,26,98,14,42,0,0,0,0,0,0,0,0,-34,-29,-29,-28,-41,-3,-100,-98,-114,-112,-100,-39,-39,-15,-15,-23,-62,-20,-28,-11,-18,-11,-8,-8,-7,0,-15,-7,-8,-8,-19,-18,-20,-31,-107,-102,-183,-183,-183,-183,-227,-227,-322,-308,-519,-504,-532,-521,-798,-788,-733,-740,-711,-706]} 1. d4 Nf6 2. c4 g6 3. Nc3 Bg7 4. e4 O-O 5. Be3 d6 6. f3 Nc6 7. Nge2 a6 8. Qd2 Rb8 9. Rc1 Bd7 10. b3 b5 {E84: King's Indian: Sämisch Panno: 7 Nge2 a6 8 Qd2 Rb8} (10... e6 11. Ng3 e5 12. d5 Nd4 13. Nce2 Nxe2 14. Bxe2 h5 15. Bg5 Qe8 16. O-O Nh7 17. Be3 h4 18. Nh1 {½-½ (40) Matlakov,M (2665)-Demchenko,A (2639) Ekaterinburg 2013}) 11. cxb5 axb5 12. d5 Ne5 13. Nd4 Qe8 $1 {LiveBook: 6 Games} 14. a3 e6 15. Be2 exd5 16. exd5 Nh5 (16... b4 $11 {keeps the balance.} 17. axb4 Rxb4) 17. g4 $146 (17. O-O $1 $16) ({Predecessor:} 17. Ne4 Rb7 18. O-O {0-1 (71) Lorparizangeneh,S (2454)-Firouzja,A (2372) Doha 2015}) 17... Nf6 $11 {[%cal Rd7g4]} 18. h3 b4 19. axb4 Rxb4 20. O-O c5 $36 {[%mdl 2048] Black fights for an advantage.} 21. dxc6 $1 Nxc6 22. Ncb5 {And now Nxc6 would win.} Nxd4 23. Nxd4 Nd5 24. Bf2 Be5 {aiming for ...Bf4.} 25. Nc2 (25. Rce1 $11) 25... Nf4 $1 $17 {[%cal Rf4e2]} 26. Qxb4 {Hoping for Bc4.} (26. Nxb4 $2 {loses.} Nxe2+ 27. Kg2 (27. Qxe2 $2 Bh2+ 28. Kxh2 Qxe2 $19) 27... Bf4 $19) 26... Nxe2+ 27. Kg2 Nxc1 ({Better is} 27... Nf4+ $17 28. Kh1 Qa8) 28. Rxc1 $15 Qa8 {Threatens to win with ...Rc8.} 29. Nd4 Rb8 30. Qc4 Rc8 31. Qf1 Qa2 32. Qe2 Qxe2 33. Rxc8+ Bxc8 34. Nxe2 $11 {[%mdl 4096] Endgame KBB-KBN} Kf8 (34... Ba6 $5 {[%cal Ra6e2]} 35. Nd4 Kf8 $15) 35. f4 Bb7+ 36. Kg3 Bb2 37. b4 Ke7 38. Bd4 Ba3 39. Bc3 {[#]} (39. b5 $15) 39... Ke6 $1 $17 40. Kf2 {[#]} (40. b5 $17 {was called for.}) 40... Kd5 $1 $19 41. Ke3 Kc4 42. Be1 Bb2 ({Don't take} 42... Bxb4 43. Bxb4 Kxb4 44. Kd4 $17) 43. b5 (43. Bh4 {might work better.}) 43... d5 {[%cal Bd6d5,Bd5d4][%mdl 32]} ({Don't do} 43... Kxb5 44. Kd3 $19) 44. b6 $2 (44. Kd2) 44... d4+ {Black is clearly winning.} 45. Kd2 d3 46. Nc1 Bc3+ 47. Ke3 Bxe1 48. Nxd3 Bc3 {Precision: White = 33%, Black = 51%.} 0-1

[Event "Baltic Zonal 2017"]
[Site "Liepaja"]
[Date "2017.06.17"]
[Round "3"]
[White "Jankovskis, Guntis"]
[Black "Krupenski, Juri"]
[Result "1/2-1/2"]
[WhiteElo "2310"]
[BlackElo "2417"]
[Annotator "TA"]
[PlyCount "68"]
[EventDate "2017.??.??"]
[EventType "swiss"]
[EventCountry "LAT"]
[SourceTitle "playchess.com"]
[Source "ChessBase"]
[SourceQuality "1"]

{[%evp 9,68,-14,-9,-33,0,-17,-3,-12,6,12,31,10,30,0,0,0,0,0,0,0,0,-11,-5,-17,-6,-10,-11,-21,0,-25,8,0,0,-6,0,0,0,0,15,31,22,0,52,37,45,58,82,87,74,0,141,142,139,137,163,147,145,91,100,0,162]} 1. e4 c5 2. Nc3 a6 3. a4 e6 (3... Nc6 4. g3 g6 5. Bg2 Bg7 6. d3 Rb8 7. f4 d6 8. h3 b5 9. axb5 axb5 10. Nf3 b4 11. Nd5 e6 {0-1 (42) Larino Nieto,D (2491)-Salgado Lopez,I (2614) Linares 2013}) 4. g3 d5 5. d3 d4 6. Nce2 {B23: Closed Sicilian: Lines without g3} e5 7. Bg2 Nc6 8. f4 g6 $146 ({Predecessor:} 8... Bd6 9. Nf3 Nge7 10. O-O f6 11. c3 {1-0 (24) Ianovsky,A (2248)-Aveskulov,V (2413) Kharkov 2004}) 9. Nf3 Bg7 10. O-O Nge7 {[%cal Bg8e7,Be7c6,Bc6e5][%mdl 32]} 11. Bd2 O-O 12. Nxe5 Nxe5 13. fxe5 Nc6 14. b3 Nxe5 15. h3 b6 16. Nf4 Bb7 17. Qe2 Qd6 18. g4 b5 19. g5 Rfe8 (19... bxa4 {is more complex.} 20. Rxa4 Rae8 21. Raa1 f6 22. gxf6 Bxf6 23. Rab1 Qc7) 20. axb5 axb5 21. Nd5 Bxd5 22. exd5 Rxa1 23. Rxa1 f5 24. gxf6 Bxf6 25. Rf1 Re7 (25... Qd8 $11) 26. Bf4 Qd7 27. Qf2 {[#] And now Bxe5 would win.} Bg7 28. Qg3 Re8 29. Re1 ({White should play} 29. h4 $16) 29... Qd6 (29... Nf7 $1 $11) 30. Kh1 $16 Re7 31. Re4 b4 32. Re1 Bf6 33. Rf1 (33. h4 $142) 33... Bg7 34. Re1 (34. Ra1 $16 {Threatens to win with Ra8+.} Re8 35. Re1) 34... Bf6 $1 {Precision: White = 57%, Black = 34%.} 1/2-1/2

[Event "Baltic Zonal 2017"]
[Site "Liepaja"]
[Date "2017.06.17"]
[Round "3"]
[White "Vaicekauskas, Gytis"]
[Black "Sveshnikov, Vladimir"]
[Result "0-1"]
[WhiteElo "2207"]
[BlackElo "2383"]
[Annotator "TA"]
[PlyCount "82"]
[EventDate "2017.??.??"]
[EventType "swiss"]
[EventCountry "LAT"]
[SourceTitle "playchess.com"]
[Source "ChessBase"]
[SourceQuality "1"]

{[%evp 18,82,41,45,45,38,54,57,47,26,25,-2,18,7,10,-16,-2,-64,-75,-72,-50,-296,-281,-282,-297,-303,-135,-149,-126,-128,-122,-122,-122,-113,-117,-126,-116,-125,-100,-133,-106,-150,-127,-156,-167,-224,-225,-210,-218,-209,-212,-328,-339,-337,-338,-353,-320,-333,-320,-402,-402,-556,-550,-560,-412,-551,-536]} 1. e4 Nf6 2. e5 Nd5 3. d4 d6 4. Nf3 dxe5 5. Nxe5 c6 6. c3 Nd7 7. Nf3 g6 8. Bc4 Bg7 9. O-O O-O 10. Re1 {LiveBook: 14 Games} Re8 {B01: Scandinavian Defence} 11. Nbd2 (11. Bg5 Nf8 12. Nbd2 Be6 13. Bh4 Qb6 14. Bb3 Rad8 15. Ne4 Nf4 16. Nc5 Bxb3 17. axb3 N8e6 18. Nxe6 Nxe6 {0-1 (37) Bologan,V (2681)-Mamedyarov,S (2764) Beijing 2012}) 11... b6 12. Ne4 $146 ({Predecessor:} 12. Bb3 Bb7 13. Ne4 Qc7 14. Bxd5 cxd5 15. Ng3 Nf6 16. Ne5 {0-1 (29) Prokhorov,A (2238)-Ivanov,O (2491) Alushta 2010}) 12... Bb7 {White is slightly better.} 13. a4 Qc7 14. Bd2 Rad8 15. Qb3 h6 16. Ng3 e6 17. Re2 (17. Ne4 $11) 17... c5 $15 18. Bd3 cxd4 19. Nxd4 $2 {[#]} (19. cxd4 $15 Nf4 20. Bxf4 Qxf4 21. Be4) 19... Nc5 $19 20. Qc2 Nxd3 21. Qxd3 a6 (21... e5 $19 {has better winning chances.} 22. c4 Nf6) 22. Rae1 $17 Nf4 23. Bxf4 Qxf4 24. Qe3 Qxe3 25. fxe3 e5 $36 {[%mdl 2048] Black is on the roll.} 26. Nf3 Bc6 27. Ra1 f5 28. Kf2 Bf8 29. a5 b5 {[%cal Bb6b5,Bb5b4][%mdl 32]} 30. Ke1 b4 31. Rd1 (31. c4 {was worth a try.}) 31... Rxd1+ $19 32. Kxd1 bxc3 33. bxc3 Bc5 34. e4 (34. Nf1 $142) 34... f4 35. Nf1 Bb5 36. N1d2 Bxe2+ 37. Kxe2 Kf7 38. Kd3 Kf6 39. Kc4 Be3 40. Nf1 Rc8+ 41. Kb3 Rb8+ {Precision: White = 31%, Black = 58%.} 0-1

[Event "Baltic Zonal 2017"]
[Site "Liepaja"]
[Date "2017.06.20"]
[Round "6"]
[White "Neiksans, Arturs"]
[Black "Kantans, Toms"]
[Result "0-1"]
[WhiteElo "2581"]
[BlackElo "2490"]
[Annotator "TA"]
[PlyCount "78"]
[EventDate "2017.??.??"]
[EventType "swiss"]
[EventCountry "LAT"]
[SourceTitle "playchess.com"]
[Source "ChessBase"]
[SourceQuality "1"]

{[%evp 10,78,10,1,6,2,6,-15,-15,-15,-12,-27,-29,-30,-30,-32,-33,-35,-35,-81,-20,-180,-187,-170,-182,-179,-183,-192,-199,-199,-202,-202,-206,-186,-172,-218,-218,-219,-223,-211,-218,-297,-282,-511,-512,-506,-502,-493,-487,-472,-431,-791,-791,-1543,-752,-29989,-6403,-29989,-2950,-2504,-1922,-29987,-1780,-5402,-4772,-29982,-29983,-29992,-29993,-29993,-29994]} 1. c4 c5 2. g3 Nc6 3. Bg2 g6 4. Nc3 Bg7 5. a3 d6 6. Rb1 e6 {A36: Symmetrical English vs ...g6: 4 Bg2 Bg7} 7. b4 Nge7 8. Bb2 (8. Nf3 O-O 9. O-O b6 10. e3 d5 11. bxc5 bxc5 12. Na4 Qd6 13. d3 Ba6 14. Qc2 Rab8 15. Rxb8 Rxb8 16. cxd5 Nxd5 17. e4 {½-½ (33) Ding,L (2773)-Svidler,P (2755) Moscow 2017}) 8... O-O {The position is equal.} 9. bxc5 dxc5 10. Nf3 b6 11. O-O Bb7 12. d3 Qd7 13. Qc2 $146 ({Predecessor:} 13. Qa4 Rad8 14. Rfd1 Nf5 {½-½ (33) Moreno Ruiz,J (2467)-Semprun Martinez,F (2215) Collado Villalba 2015}) 13... Rad8 14. Rfd1 Nf5 (14... Nd4 $17 15. Nxd4 cxd4) 15. e3 $2 {[#]} (15. Nb5 $11 {and White has nothing to worry.}) 15... Ncd4 $1 $19 {[%cal Rd4c2][%mdl 512]} 16. Nxd4 (16. exd4 Bxf3) 16... cxd4 17. Ne4 dxe3 18. Bxg7 Kxg7 19. Nc5 bxc5 20. Rxb7 Qd4 21. Bf1 e5 22. Re1 Rb8 $1 {[%cal Rb8b7]} 23. Reb1 Rxb7 24. Rxb7 {[#]} Rd8 $1 25. Qe2 e4 {[%cal Re4d3]} 26. dxe4 $2 (26. fxe3 {was the only defense.} Qxe3+ 27. Qxe3 Nxe3 28. Re7) 26... Qxe4 27. Rb2 exf2+ 28. Qxf2 Rd1 29. Re2 Qxc4 30. Kg2 (30. Rd2 $142 Ra1 31. Qe2) 30... Qd5+ 31. Kh3 h5 (31... g5 $142 32. Bg2 {[#]} g4+ $1 {[%mdl 512]} 33. Kxg4 Nh6+ 34. Kh4 Rd4+ 35. Be4 Rxe4+ 36. Rxe4 Qxe4+ 37. Kh3 c4) 32. Rc2 Qe6 (32... Ne3 $142 33. Rxc5 Qe6+ 34. Rf5 Nxf5 35. Kg2 Ne3+ 36. Kf3 Rxf1 37. Qxf1 Nxf1 38. Kf2 Nxh2 39. g4 Nxg4+ 40. Kg3 Qe3+ 41. Kh4 Qf2+ 42. Kh3 Qh2#) 33. Bc4 Qd7 (33... Qe4 $142 34. Qf4 Qxc2 35. Qe5+ Kh7 36. Bd5 Rd2 37. g4 Qd3+ 38. Qg3 Nxg3 39. gxh5 Nf1+ 40. Kh4 Rxh2+ 41. Kg5 Qf5#) 34. Kg2 Qb7+ 35. Kh3 Rd4 (35... Qe4 $142 36. Qe2 Ne3 37. Qxe3 Qxe3 38. Rb2 Qe4 39. Bb5 c4 40. Rf2 c3 41. Ba4 Qxa4 42. Rf4 Qd7+ 43. Kg2 Rd2+ 44. Rf2 Qd5+ 45. Kh3 Rxf2 46. g4 Qg2+ 47. Kh4 Qxg4#) 36. Be2 Qe7 37. Bxh5 Ne3 {Black mates.} 38. Re2 Qd7+ 39. g4 gxh5 {Precision: White = 24%, Black = 70%.} 0-1

[Event "Baltic Zonal 2017"]
[Site "Liepaja"]
[Date "2017.06.20"]
[Round "6"]
[White "Sulskis, Sarunas"]
[Black "Volodin, Aleksandr"]
[Result "1-0"]
[WhiteElo "2521"]
[BlackElo "2482"]
[Annotator "TA"]
[PlyCount "37"]
[EventDate "2017.??.??"]
[EventType "swiss"]
[EventCountry "LAT"]
[SourceTitle "playchess.com"]
[Source "ChessBase"]
[SourceQuality "1"]

{[%evp 9,37,8,12,18,18,18,30,25,23,0,0,0,0,0,0,-8,16,-7,283,271,275,268,302,293,272,231,282,281,561,592]} 1. Nf3 d5 2. c4 d4 3. b4 c5 4. g3 a5 5. Qa4+ (5. b5 g6 6. Bg2 Bg7 7. O-O Ra7 8. a4 b6 9. Ra2 e5 10. d3 Be6 11. Ng5 Bc8 12. e4 {1-0 (33) Ivanchuk,V (2726)-Hammer,J (2680) Skopje 2015}) 5... Bd7 6. b5 {A09: Réti Opening: 1 Nf3 d5 2 c4} Qc7 $146 ({Predecessor:} 6... f6 7. d3 e5 8. Bg2 Bd6 9. Nbd2 Nh6 10. Nb3 Nf7 11. Nfd2 Ra7 {0-1 (34) Moroni,L (2120)-Berend,F (2373) Lugano 2012}) 7. Bg2 e5 8. O-O {White has an edge.} Bd6 $1 9. d3 Nf6 10. Nbd2 h6 11. e3 O-O 12. exd4 cxd4 13. Nb3 {Strongly threatening c5!} Bf5 $2 {[%mdl 8192]} (13... Bb4 $11 {and Black stays safe.}) 14. c5 $1 $18 {[%cal Rc5d6]} Be7 {[#]} 15. Nxe5 $1 Nbd7 16. Nxd7 Nxd7 17. c6 (17. Qxd4 a4 $16) (17. Nxd4 Nxc5 18. Qa3 Nxd3 $15) 17... bxc6 18. Bf4 ({Weaker is} 18. Nxd4 Nc5 $14) ({Less strong is} 18. Bxc6 Rac8 $16) (18. bxc6 $6 Nc5 $18) 18... cxb5 $2 {[#]} (18... Nb6) 19. Qxb5 {Precision: White = 68%, Black = 37%.} ({Not} 19. Bxc7 bxa4 20. Nxd4 Bxd3 $11) 1-0

[Event "Baltic Zonal 2017"]
[Site "Liepaja"]
[Date "2017.06.20"]
[Round "6"]
[White "Meskovs, Nikita"]
[Black "Kulaots, Kaido"]
[Result "1/2-1/2"]
[WhiteElo "2479"]
[BlackElo "2597"]
[Annotator "TA"]
[PlyCount "120"]
[EventDate "2017.??.??"]
[EventType "swiss"]
[EventCountry "LAT"]
[SourceTitle "playchess.com"]
[Source "ChessBase"]
[SourceQuality "1"]

{[%evp 15,120,4,2,5,10,1,2,0,5,-6,0,-33,-34,-41,-40,-42,-27,-42,-48,-41,-23,-56,-51,-56,-55,-52,-33,-33,-20,-16,-25,-29,-23,-200,0,0,0,-25,0,-33,0,-31,-26,-32,-22,-52,-47,-72,-18,-29,-10,-22,-30,-27,-29,-31,-14,-39,-15,-16,0,-9,0,0,0,0,0,0,85,91,80,81,79,10,13,7,8,7,14,20,27,8,43,8,23,8,8,8,8,0,0,0,8,0,22,8,8,8,8,0,0,0,12,0,0,0,26]} 1. c4 e6 2. Nf3 Nf6 3. g3 d5 4. Bg2 dxc4 5. Qa4+ Bd7 6. Qxc4 {A13: English Opening: 1...e6} c5 7. Ne5 Qc8 8. Qd3 Nc6 {LiveBook: 3 Games} 9. Nxd7 Nxd7 {[%cal Bf6d7,Bd7b6,Bb6d5,Bd5b4][%mdl 32]} 10. Qb5 Nd4 $146 ({Predecessor:} 10... Nde5 11. f4 a6 12. Qa4 Nd7 13. Bxc6 bxc6 {1-0 (72) Grischuk,A (2737)-Wojtaszek,R (2749) Doha 2016}) 11. Qa4 Be7 12. Na3 O-O 13. e3 Nb6 $36 {[%mdl 2048] Black has good play.} 14. Qd1 Nc6 15. O-O Qd7 16. Qb3 Rfd8 17. Rd1 Nd5 18. Nc4 Rab8 19. a4 Ndb4 20. d3 Qc7 21. Be4 Rd7 22. Bd2 Rbd8 {[%cal Rb4d3]} 23. Bxb4 Nxb4 24. f4 $2 (24. Rac1 $11) 24... Bf6 $2 (24... f5 $1 $19 {[%cal Rf5e4]} 25. Ne5 c4 26. Nxc4 fxe4) 25. Rac1 $11 b6 26. Kf2 (26. d4 $5) 26... g6 27. Ke2 (27. d4 $5) 27... Qb8 28. Rd2 (28. d4 $5) 28... Bg7 29. Rcd1 $1 Qc7 30. Na3 Qd6 31. a5 Qb8 ({Black should try} 31... e5 $17 {Threatening ...exf4.} 32. axb6 exf4 33. exf4 axb6) 32. axb6 axb6 33. Nb5 (33. d4 $5) 33... Qc8 34. Ra1 {White wants to play Ra8.} Nd5 35. Qc4 Qc6 36. Ra3 Ra8 37. Bf3 Rxa3 38. Nxa3 Ra7 (38... Qc7 {keeps more tension.} 39. Qb5 Rd8 40. Nc4 Rb8 41. Rd1 h5) 39. Qb5 Qxb5 40. Nxb5 Ra5 41. Nd6 Ra2 (41... Ne7 $11 {keeps the balance.}) 42. Bxd5 $1 $16 exd5 {[%mdl 4096] Endgame [#] KRB-KRN} 43. Nc8 $1 d4 {[#]} 44. Nxb6 (44. e4 $1 $16) 44... dxe3 $11 45. Kxe3 f5 46. Nc4 Bd4+ 47. Ke2 Kf7 48. Rd1 Ke6 49. Rc1 Ra8 50. Kd2 h5 {[%cal Bh7h5,Bh5h4][%mdl 32] The position is equal.} 51. Re1+ Kf6 52. Kc2 h4 53. Nb6 Rh8 54. Nd5+ Kf7 55. Re7+ Kf8 56. Re2 Kf7 57. Re7+ Kf8 58. Re2 Kf7 59. Re7+ Kf8 60. Re2 (60. b4 $5 {[%cal Rb4b5]}) 60... Kf7 {Precision: White = 48%, Black = 57%.} 1/2-1/2

[Event "Baltic Zonal 2017"]
[Site "Liepaja"]
[Date "2017.06.20"]
[Round "6"]
[White "Miezis, Normunds"]
[Black "Kveinys, Aloyzas"]
[Result "1/2-1/2"]
[WhiteElo "2452"]
[BlackElo "2526"]
[Annotator "TA"]
[PlyCount "33"]
[EventDate "2017.??.??"]
[EventType "swiss"]
[EventCountry "LAT"]
[SourceTitle "playchess.com"]
[Source "ChessBase"]
[SourceQuality "1"]

{[%evp 15,16,6,23]} 1. c4 g6 2. g3 Bg7 3. Bg2 e5 4. Nc3 d6 5. d3 f5 6. e4 Nf6 7. Nge2 O-O 8. O-O c6 {LiveBook: 109 Games} {Predecessor:} 9. exf5 $146 Bxf5 10. h3 Na6 11. Be3 Kh8 12. Qd2 Qd7 13. Kh2 d5 14. cxd5 cxd5 15. d4 e4 16. Rac1 Rac8 17. b3 {½-½ (29) Nevednichy,V (2554)-Guseinov,G (2613) Tromsoe 2014} 1/2-1/2

[Event "Baltic Zonal 2017"]
[Site "Liepaja"]
[Date "2017.06.20"]
[Round "6"]
[White "Kanep, Meelis"]
[Black "Shishkov, Andrei"]
[Result "1-0"]
[WhiteElo "2451"]
[BlackElo "2377"]
[Annotator "TA"]
[PlyCount "63"]
[EventDate "2017.??.??"]
[EventType "swiss"]
[EventCountry "LAT"]
[SourceTitle "playchess.com"]
[Source "ChessBase"]
[SourceQuality "1"]

{[%evp 15,63,0,9,-7,11,5,12,18,15,17,20,18,21,20,81,70,96,25,179,179,187,191,178,172,204,161,151,180,179,181,170,171,203,213,248,256,462,479,450,471,590,588,741,704,3283,2445,29982,5730,29989,29990]} 1. Nf3 Nf6 2. c4 e6 3. Nc3 Bb4 4. Qc2 O-O 5. a3 Bxc3 6. Qxc3 a5 {A17: English Opening: 1...Nf6 with ...Bb4} 7. b3 (7. b4 d6 8. Bb2 e5 9. g3 Bd7 10. Bg2 Qc8 11. O-O Bh3 12. d3 Bxg2 13. Kxg2 Qd7 14. b5 {0-1 (50) Melkumyan,H (2653)-Eljanov,P (2741) Germany 2016}) 7... d6 8. Bb2 e5 {LiveBook: 5 Games. The position is equal.} 9. g3 c5 10. Bg2 Nc6 11. O-O h6 $146 ({Predecessor:} 11... Bg4 12. Rfe1 Qb6 13. e3 a4 14. bxa4 Rxa4 {1-0 (44) Zhao,Z (2567)-Kortschnoj,V (2584) Dresden 2008}) 12. e3 Bf5 13. Nh4 Bh7 14. f4 {[%cal Rf4e5]} e4 (14... Re8 $11) 15. Rac1 b6 16. g4 ({White should try} 16. d3 $16) 16... Ne8 $2 (16... d5 $11) 17. Nf5 $36 {[%mdl 2048] Keeping Black busy.} Bxf5 18. gxf5 d5 19. cxd5 Qxd5 {[#]} 20. d3 $1 {[%mdl 512]} Qxf5 (20... Qxd3 21. Qxd3) 21. dxe4 Qg4 22. Kh1 Rd8 23. Bf3 Qh3 {[#]} 24. Rf2 $1 Kh8 {[#]} 25. Rg1 $1 f6 $2 (25... Rg8 26. Bg4 Qh4) 26. Bg4 Qh4 27. Rfg2 Nd6 28. Qc2 Rfe8 29. Bc3 f5 30. Bxf5 Nxf5 31. exf5 Rxe3 32. Bxg7+ {Precision: White = 85%, Black = 21%.} 1-0